000 01237cam a2200349 i 4500
001 25060
003 Mx-PuUPA
005 20250328120545.0
008 140415s2015 mx a gr 000 0 spa d
020 _a9786073231190
040 _cMx-PuUPA
_aMx-PuUPA
_bspa
_dMx-PuUPA
_erda
041 0 _aspa
100 1 _aSantillana González, Juan Ramón,
_eautor
_99039
245 1 0 _aSistemas de control interno /
_cJuan Ramón Santillana González
250 _aTercera edición
260 _a
_b
_c
264 1 _aMéxico, D.F. :
_bPearson Educación de México,
_c©2015
300 _axxi, 391 páginas :
_bilustraciones, tablas ;
_c26 cm
336 _2rdacontent
_atexto
_btxt
337 _2rdamedia
_asin medio
_bn
338 _2rdacarrier
_avolumen
_bnc
650 7 _2armarc
_aAuditoria
650 7 _2armarc
_aAuditoría interna
650 7 _2armarc
_aAuditoría administrativa
650 7 _2armarc
_aAdministración de la calidad total
650 7 _2armarc
_aContraloría de empresas
650 7 _2armarc
_aContabilidad administrativa
942 _2ddc
_cLI
_h657.458
_iS54
999 _c25060
_d25060